Pays les plus peuplés d'Afrique - Statistiques

Statistiques générales
  • Ce quiz a été pris 184 fois
  • Le résultat moyen est 8 sur 10
Statistiques - réponses
Habitants
(millions)
Pays % Correct
105 République démocratique du congo
96%
45 Algérie
95%
106 Egypte
94%
56 Afrique du sud
93%
219 Nigéria
93%
110 Ethiopie
84%
45 Soudan
75%
54 Kenya
72%
62 Tanzanie
66%
44 Ouganda
48%
Aucun quiz correspondant
Distribution des résultats
% des personnes avec chaque résultat
Percentile par nombre de réponses
Votre historique - résultats
Vous n’avez pas pris ce quiz